| 000 | 00712nam a22002777a 4500 | ||
|---|---|---|---|
| 001 | 0001408 | ||
| 003 | KOHA_MİRAKIL | ||
| 005 | 20260207001240.0 | ||
| 007 | ta | ||
| 008 | 081212b2006 tu |||grd|||#0|||0|tur | | ||
| 020 | _c16,84 | ||
| 040 |
_aTR-BiSEU _btur _cTR-BiSEU _erda |
||
| 041 | 0 | _atur | |
| 044 | _ctu | ||
| 050 |
_aG155 _b.I54 2006 |
||
| 245 | 0 | _aTurizm terimleri sözlüğü. | |
| 264 | 1 |
_aİstanbul : _bFono Yayınları _c2006 |
|
| 300 | _a496 sayfa | ||
| 336 |
_ametin _btxt _2rdacontent |
||
| 337 |
_aaracısız _bn _2rdamedia |
||
| 338 |
_acilt _bnc _2rdacarrier |
||
| 650 | 0 |
_aTurizm--Sözlükler. _94517 |
|
| 650 | 0 |
_aTourism--Dictionaries. _93456 |
|
| 907 | _aSözlük | ||
| 942 |
_2lcc _cBK |
||
| 999 |
_c1397 _d1397 |
||